| 000 | 01021nam0a22002771 4500 | ||
|---|---|---|---|
| 001 | rc\3061320 | ||
| 005 | 20250806202616.0 | ||
| 035 | _a(NLR Aleph) 007200002 | ||
| 090 |
_a53502 _c53502 |
||
| 100 | _a20111012d1945 u y0rusy50 ca | ||
| 101 | 0 | _arus | |
| 102 | _aRU | ||
| 105 | _aa z ||||| | ||
| 200 | 1 |
_aКрыса карако в Восточной Сибири _fА.С. Фетисов _gИркут. гос. противочумный ин-т Сибири и Дальнего Востока |
|
| 210 |
_aИркутск _cИркут. обл. изд-во _d1945 _g1-я гос. типолит. |
||
| 215 |
_a32 с. _cил. _d20 см |
||
| 300 | _aБез обл. | ||
| 320 | _a"Литература", с. 31-32 (28 назв.) | ||
| 700 | 1 |
_aФетисов _bА.С. _gАндрей Степанович |
|
| 801 | 0 |
_aRU _bNLR _gpsbo |
|
| 801 | 1 |
_aRU _bELAR _2rusmarc |
|
| 852 |
_aNLR _jЗ02 Г-4/33 |
||
| 942 | _cBOOK | ||
| 945 | _aРоссийская национальная библиотека | ||
| 980 | _aNB | ||
| 980 | _aBV | ||